000 00825nam a2200253 a 4500
001 63807
003 BD-RjUL
005 20211209081233.0
008 170204s1977 enk b 001 0 eng d
020 _a052120951X.
_a0521290082
035 _a(BD-RjUL)63937
040 _aDLC
_cDLC
_dDLC
_beng
041 _aeng
082 0 0 _a891.723
_bHAC 1977
100 1 _aHahn, Beverly,
_d1947-
_9189417
245 0 0 _aChekhov :
_ba study of the major stories and plays /
_cBeverly Hahn.
260 _aLondon ;
_aNew York :
_bCambridge University Press,
_c1977.
300 _axiii, 351 p. ;
_c22 cm.
490 0 _aMajor European authors
504 _aIncludes Bibliography: p. [343]-345. and index.
600 1 0 _aChekhov, Anton Pavlovich,
_d1860-1904
_xCriticism and interpretation.
_9189422
942 _2ddc
_cBK
999 _c63807
_d63807